| 000 | 00000nas##2200000za#4500 |
| 001 | 9.506901 |
| 003 | CaOODSP |
| 005 | 20200325092900 |
| 007 | cr ||||||||||| |
| 008 | 150406c2007||||xxc|| p o||||f| |0eng|d |
| 040 | |aCaOODSP|beng |
| 043 | |an-cn--- |
| 086 | 1 |aA71-30E-PDF |
| 110 | 1 |aCanada. |bAgriculture and Agri-Food Canada. |
| 245 | 10|aCanadian horticulture sector, ... crop year, performance overview |h[electronic resource] |
| 260 | |aOttawa - Ontario : |bAgriculture and Agri-Food Canada |
| 310 | |aAnnual |
| 362 | 1 |aCrop year [2007]-- |
| 690 | 07|aAgri-food industry|2gcpds |
| 690 | 07|aExports|2gcpds |
| 775 | 08|tSecteur canadien de l'horticulture, campagne agricole de ..., survol des résultats |w(CaOODSP)9.503299 |